[Event "Olympiad-39"]
[Site "Khanty-Mansiysk"]
[Date "2010.09.24"]
[Round "4.1"]
[White "Jobava, Baadur"]
[Black "Carlsen, Magnus"]
[Result "1-0"]
[WhiteElo "2710"]
[BlackElo "2826"]
[Annotator "Krasenkow,Michal"]
[PlyCount "127"]
[EventDate "2010.09.21"]
[EventType "team-swiss"]
[EventRounds "11"]
[EventCountry "RUS"]
[SourceTitle "CBM 139"]
[Source "ChessBase"]
[SourceDate "2010.11.18"]
[SourceVersion "1"]
[SourceVersionDate "2010.11.18"]
[SourceQuality "1"]
[WhiteTeam "Georgia"]
[BlackTeam "Norway"]
[WhiteTeamCountry "GEO"]
[BlackTeamCountry "NOR"]

1. d4 Nf6 2. c4 e6 3. Nc3 Bb4 4. a3 Bxc3+ 5. bxc3 Nc6 {A rare continuation (with the idea of ...e6-e5), to which White replies with a genuine novelty on move 6!} 6. e4 $146 {[%mdl 8] Practice had seen:} (6. Bg5 e5 $5 7. e3 h6 8. Bh4 Qe7 9. Nf3 d6 10. Be2 g5 11. Bg3 Ne4 12. Rc1 f5 {(..) 1/2 Stahlberg,G-Porat,Y/Warsaw 1935/EXT 2004}) (6. Nf3 d6 $5 7. Nd2 e5 8. e4 $6 exd4 9. cxd4 Nxd4 10. Bb2 Ne6 11. Bd3 b6 12. O-O Bb7 13. Re1 O-O $15 {1/2 Kuzminykh,E-Bronstein,D/Leningrad 1970/EXT 2001 (25)}) (6. e3 $5 e5 7. Bd3 O-O {leads to a position from the 5...0-0 system}) (6. f3 e5 (6... d6 7. e4 O-O {leads to the 5...0-0 system}) (6... b6 7. e4 Ba6 {leads to a popular position from the 5...b6 system (6.f3 Ba6 7.e4 Nc6).}) 7. e4 d6 8. Be3 b6 9. Bd3 Na5 10. Ne2 Ba6 11. Ng3 h6 (11... O-O $142 {- 5...0-0}) 12. O-O Qd7 13. Qe2 O-O-O $6 14. Nf5 $1 Rh7 15. c5 $1 $16 {1-0 Lazarev,E-Romantchouk,J/Ternopol 1964/EXT 1999 (22)}) ({RR} 6. Bg5 e5 7. e3 h6 8. Bh4 Qe7 9. Nf3 d6 10. Be2 g5 11. Bg3 Ne4 12. Rc1 f5 {½-½ (12) Stahlberg,G-Porat,Y Warsaw 1935}) ({RR} 6. Qc2 d6 7. e4 e5 8. Ne2 O-O 9. f3 b6 10. Be3 Ne8 11. Ng3 Ba6 12. Rd1 f6 13. Qa4 Na5 14. c5 Bxf1 15. Rxf1 Rf7 16. c6 exd4 17. Rxd4 g6 18. c4 Qe7 19. Bd2 Qe5 20. Rd5 Qb2 {Stocek,J (2557)-Matlakov,M (2673) Czech Republic 2013 0-1 (42)}) ({RR} 6. f3 b6 7. e4 d6 8. Bd3 Na5 9. Ne2 Ba6 10. Ng3 O-O 11. O-O Bxc4 12. Bxc4 Nxc4 13. f4 d5 14. Qe2 Na5 15. e5 Ne4 16. Nxe4 dxe4 17. f5 f6 18. fxe6 fxe5 19. Rxf8+ Qxf8 20. Qa2 Re8 {Wemmers,X (2375)-Margarido,J (2127) Utrecht 2022 1-0}) ({RR} 6. e3 O-O 7. Bd3 b6 8. Nf3 Re8 9. Ne5 Na5 10. f4 Bb7 11. O-O d6 12. Nf3 Be4 13. Ng5 Bxd3 14. Qxd3 h6 15. Nf3 e5 16. fxe5 dxe5 17. Qf5 Nxc4 18. Nxe5 Qd5 19. Nxc4 Qxc4 20. Bd2 Re4 {Castillo Larenas,M-Cristia,J Vina del Mar 1945 1-0 (48)}) 6... Nxe4 7. Qg4 f5 (7... Nf6 8. Qxg7 Rg8 9. Qh6 e5 $5 {needs testing.}) 8. Qxg7 Qf6 9. Qxf6 Nxf6 {This position presents a typical positional conflict: White has a bishop pair with an asymmetrical pawn structure (which should favour him) but his own pawn chain is damaged (doubled pawns). Such positions are very hard to evaluate; usually the better player prevails.} 10. Nf3 b6 11. d5 $5 {A curious pawn sacrifice, which Black, however, rejects.} Na5 (11... exd5 12. cxd5 Nxd5 13. Bd3 $5 (13. Bc4 Nce7) 13... O-O 14. Bc4 Nce7 15. Bg5 Kg7 16. O-O-O $44) 12. Nd4 Kf7 13. dxe6+ dxe6 14. Bf4 Ba6 {Black keeps the tension. He had a good chance to simplify the game:} (14... e5 $1 15. Bxe5 Re8 16. f4 Ng4 17. O-O-O (17. Be2 Nxe5 18. fxe5 Rxe5 19. O-O c5 $1 20. Bf3 Rb8 21. Nb5 Kf6 22. Nxa7 Bb7 $15) (17. Nf3 Nc6 $15) 17... Nf2 $1 (17... Nxe5 18. fxe5 Rxe5 19. Bd3 $36 {[%csl Rf7]}) 18. Be2 Nxh1 19. Bh5+ Kf8 20. Rxh1 Bd7 $1 (20... Re7 $143 21. Bf3 Bb7 22. Bxb7 Nxb7 23. Nxf5 $44) 21. Bxe8 Rxe8 $15 {/=}) 15. Nf3 Ne4 16. Ne5+ Kf6 17. f3 (17. h4 $5 Nxc3 18. Rh3 Ne4 19. Re3 $44 {[%cal Yg2g4]}) 17... Nd6 18. O-O-O Rhd8 $6 {Again avoiding drawish lines like} (18... Naxc4 19. Nxc4 (19. Rxd6 Nxe5 $1 20. Bxe5+ Kxe5 21. Rc6 Bxf1 22. Rxf1 Kf6 23. Re1 Rae8 24. Rxc7 Re7 25. Rc6 h5 $11) 19... Bxc4 (19... Nxc4 20. Rd4 e5 21. Bxc4 Bxc4 22. Rxc4 exf4 $11) 20. Rxd6 $1 Bxf1 21. Rd7 Bb5 22. Rxc7 Rac8 $11) (18... Ndxc4 $6 19. Bxc4 Nxc4 20. Rhe1 Nd6 21. Nc6 $44) (18... Bxc4 $6 19. Rxd6 cxd6 20. Nxc4 Nxc4 21. Bxc4 Rac8 22. Bb3 Rxc3+ 23. Kb2 Rd3 24. Rc1 $132) ({To complicate the game,} 18... Rhg8 $5 {was probably more appropriate; if} 19. h4 {then} Bxc4 {gains in strength.}) ({Or the mysterious} 18... Rac8 $5 19. c5 Bxf1 20. Rhxf1 Nb3+ 21. Kc2 Nxc5 22. Rfe1 $44) 19. h4 $1 {[%mdl 160] Now White obtains pressure on the kingside.} Nf7 20. Nd7+ Kg7 (20... Ke7 $2 21. Bg5+ $1 Nxg5 22. hxg5 $16) 21. Rh3 $1 (21. g4 $5 Bxc4 22. Bh3 $36) 21... Kh8 $1 22. Bg5 $6 (22. Bxc7 $142 Rdc8 23. Bf4 Nxc4 24. Rd4 $1 $16 {[%cal Yh3g3]} (24. Rg3 e5 $1 25. Nxe5 Nfxe5 26. Bxe5+ Nxe5 27. Bxa6 Rxc3+ $11) 24... e5 $140 $2 25. Bxc4 $1 Bxc4 26. Nxe5 $18) 22... Nxg5 23. hxg5 Kg7 (23... Bxc4 24. g6 (24. Nf6 Rxd1+ 25. Kxd1 Kg7 26. Rxh7+ Kg6) (24. Bxc4 $5 Nxc4 25. f4 Kg7 26. Rh6 $16 {-23...Kg7}) 24... h6 $1 25. Bxc4 Nxc4 26. Rxh6+ Kg7 27. Rh7+ Kxg6 28. Rdh1 $40) 24. Rh6 $1 Bxc4 25. Bxc4 Nxc4 26. Rdh1 (26. f4 $5) 26... Rh8 27. f4 $6 (27. Rxe6 Rae8 28. Rc6 Re7 (28... Nxa3 29. Nf6 $16 Re7 $140 30. Nd5 Rd7 31. Nxc7 $18 {[%cal Rc1b2]}) 29. Nf6 Ne5 30. Nh5+ Kf8 31. Rf6+ $1 Rf7 32. Rh6 $16 {[%cal Yh5f4]}) 27... c5 $6 (27... Rad8 $142 28. Nf6 c5 (28... Rd3 $2 29. Rxh7+ Rxh7 30. Rxh7+ Kg6 31. Rh6+ Kf7 32. Nh5 {[%cal Rg5g6]} Rxc3+ 33. Kb1 Rb3+ 34. Kc2 $18) 29. Rxh7+ $140 ({maybe it is better not to hurry:} 29. a4) 29... Rxh7 30. Rxh7+ Kg6 31. Rh6+ Kf7 32. Nh5 Rg8 $1 {- Black holds on.}) 28. Rxe6 Rae8 29. Rxh7+ (29. Rxe8 $5 {was also good:} Rxe8 30. Nf6 Re3 (30... Rh8 31. Rh6 {etc.}) 31. Rxh7+ Kg6 32. Rh6+ Kf7 33. Nh5 Kg8 34. Rg6+ (34. g6 Re1+ 35. Kc2 Re6 $1 {-that's the point!}) 34... Kf8 35. Rf6+ Kg8 (35... Ke7 36. g6) 36. g6 {[%cal Rg6g7]} Re1+ $8 37. Kc2 Rh1 38. Ng3 Ne3+ 39. Kd3 Nd5 40. Rc6 $1 Rd1+ 41. Kc4 Ne3+ 42. Kb5 $18) 29... Rxh7 30. Rxe8 {[%mdl 4096]} Kf7 (30... Nxa3 31. Ne5 {[%cal Yg2g4]}) (30... Rh1+ 31. Kc2 Nxa3+ 32. Kb3 Nb1 33. Re7+ $18) 31. Ra8 Rh1+ 32. Kc2 a5 (32... Nxa3+ 33. Kb3 Nb5 34. Ne5+ Kg7 (34... Ke7 35. g6 Kf6 36. Rf8+ Kg7 37. Rf7+ Kh8 38. g4 $1 $18) 35. g4 $1 fxg4 36. f5 {, and White's connected passed pawns decide the game.}) (32... Ke6 33. Ne5 $1 Nxe5 34. Re8+ $18 {e.g.} Kd5 35. Rxe5+ Kc4 36. g4 $1 fxg4 37. g6 Rh8 38. g7 Rg8 39. Rg5 b5 40. Kd2 a5 41. Rxg4 Kd5 42. Kd3 $18 {}) 33. Ra7 (33. Kd3 $142 $1 b5 (33... Nb2+ 34. Ke2 Nc4 35. Rf8+ Ke7 36. g6 $18) 34. Ra7) 33... Nxa3+ 34. Kd2 $1 Rh2 $2 (34... Nb5 35. Rb7 Nd6 {was the last chance. A possible line:} 36. Ne5+ Kg8 37. Rxb6 Ne4+ 38. Kd3 Rd1+ (38... Rc1 39. Kc4 {[%cal Yc4d5,Yd5e6]} a4 40. Rb8+ Kg7 41. Rb7+ Kg8 42. Ra7 Nxc3 43. g3 $22 Kf8 (43... a3 44. Nd3 Rc2 45. Kb3) 44. Ng6+ Ke8 45. Nh4 Ne4+ 46. Kd5 Nxg3 47. Rxa4 $18) (38... a4 39. Kc4) 39. Kc4 Nd6+ 40. Kxc5 Ne4+ 41. Kb5 Nxc3+ (41... Rb1+ 42. Kxa5 Rxb6 43. Kxb6 Nxc3 44. Kc6 $18) 42. Kc6 Ne2 43. Rb8+ Kg7 44. Rb7+ Kg8 45. Ng6 Rd4 46. Ne7+ Kf8 47. g6 Rb4 48. Ra7 Nxf4 49. g3 $1 Ne6 50. Nd5 {, and White should win.}) 35. Nxb6+ Kg6 36. Rxa5 Rxg2+ 37. Kd1 Nb1 (37... Nc2 38. Nd5) 38. Rxc5 {, and White converted his material advantage without major problems:} Nd2 39. Nd5 Ne4 40. Rc6+ Kf7 41. Ne3 Rg3 42. Ke2 Ke8 43. Re6+ Kf7 44. Re5 Nxc3+ 45. Kf2 Rh3 46. Rxf5+ Kg6 47. Rf6+ Kg7 48. Nf5+ Kg8 49. Kg2 Rd3 50. Rd6 Ne2 51. Rg6+ Kh8 52. Rh6+ Kg8 53. Ne7+ Kf7 54. Ng6 Kg7 55. Kf2 Nc3 56. Ne7 Ne4+ 57. Ke2 Ra3 58. Nf5+ Kg8 59. Re6 Nc3+ 60. Kf3 Nd5+ 61. Kg4 Ra1 62. Re5 Rg1+ 63. Kf3 Rf1+ 64. Kg2 1-0

[Event "NOR-ch"]
[Site "Moss"]
[Date "2006.07.09"]
[Round "2"]
[White "Johannessen, Leif Erlend"]
[Black "Carlsen, Magnus"]
[Result "1/2-1/2"]
[WhiteElo "2555"]
[BlackElo "2673"]
[PlyCount "93"]
[EventDate "2006.07.08"]
[EventType "swiss"]
[EventRounds "9"]
[EventCountry "NOR"]
[SourceTitle "CBM 113 Extra"]
[Source "ChessBase"]
[SourceDate "2006.09.14"]
[SourceVersion "1"]
[SourceVersionDate "2006.09.14"]
[SourceQuality "1"]

1. d4 Nf6 2. c4 e6 3. Nc3 Bb4 4. Qc2 d5 5. Nf3 O-O 6. a3 Bxc3+ 7. Qxc3 dxc4 8. Qxc4 b6 9. Bg5 Ba6 10. Qc2 Nbd7 11. e4 Bxf1 12. Rxf1 ({RR} 12. Kxf1 h6 13. Bh4 Qc8 14. Rd1 Qb7 15. e5 Nd5 16. Qe4 c5 17. g3 cxd4 18. Rxd4 Nc5 19. Qg4 f5 20. Qh5 f4 21. Rg1 Rf5 22. Qg4 Raf8 23. Bf6 Nxf6 24. exf6 R8xf6 25. gxf4 Qa6+ 26. Kg2 Nd3 {Ambartsumova,K (2418)-Koridze,L (2152) chess.com INT 2024 ½-½ (77)}) 12... h6 13. Bxf6 Nxf6 14. O-O-O Qe7 $146 ({RR} 14... c5 15. Kb1 Qc7 16. Rfe1 Qb7 17. Qe2 Rac8 18. dxc5 Rxc5 19. Nd4 b5 20. Nb3 Rc7 21. Rd4 a6 22. f3 Nd7 23. Red1 Ne5 24. Na5 Qb8 25. Qd2 Rfc8 26. Rd8+ Kh7 27. Rxc8 Qxc8 28. Qd8 Rc1+ 29. Ka2 {Shemeakin,A (2314)-Shalimov,V (2415) Lubny 2011 0-1 (41)}) ({RR} 14... Rc8 15. Kb1 Qe7 16. Qc6 Rfd8 17. Rfe1 a5 18. Ne5 Qd6 19. Qc2 Nd7 20. Nc6 Rf8 21. e5 {1-0 (21) Blackman,J (2192)-Escobar Medina,A (2298) Tornelo INT 2021}) 15. Ne5 c5 16. dxc5 Qc7 17. f4 bxc5 18. Nc4 Rad8 19. e5 Rxd1+ 20. Rxd1 Nd5 21. Qe4 Rb8 22. f5 Qe7 23. Qg4 exf5 24. Qxf5 Qh4 25. g4 Ne7 26. Qd7 Qg5+ 27. Kb1 Qg6+ 28. Ka1 Qc2 29. Qd3 Qxh2 30. Qd6 Rb7 31. e6 Qxd6 32. Nxd6 Rb6 33. exf7+ Kf8 34. Kb1 Rc6 35. Kc2 Ng6 36. Rd5 Nf4 37. Rd2 Ne6 38. Kc3 Nd4 39. Ne4 Kxf7 40. b4 cxb4+ 41. Kxd4 bxa3 42. Ra2 Ra6 43. Nc5 Ra5 44. Kc4 a6 45. Kb4 Rb5+ 46. Kc4 Ra5 47. Kb4 1/2-1/2

[Event "NOR-ch"]
[Site "Sandnes"]
[Date "2005.07.09"]
[Round "8"]
[White "Johannessen, Leif Erlend"]
[Black "Carlsen, Magnus"]
[Result "1/2-1/2"]
[WhiteElo "2543"]
[BlackElo "2528"]
[PlyCount "63"]
[EventDate "2005.07.02"]
[EventType "swiss"]
[EventRounds "9"]
[EventCountry "NOR"]
[SourceTitle "CBM 107 Extra"]
[Source "ChessBase"]
[SourceDate "2005.09.01"]
[SourceVersion "1"]
[SourceVersionDate "2005.09.01"]
[SourceQuality "1"]

1. d4 Nf6 2. c4 e6 3. Nc3 Bb4 4. Qc2 d5 5. cxd5 c5 6. Bg5 Qxd5 7. Bxf6 gxf6 8. dxc5 Qxc5 9. Rc1 Nc6 10. Nf3 Bd7 11. e3 $146 ({RR} 11. g3 Bxc3+ 12. Qxc3 Qxc3+ 13. Rxc3 Ke7 14. Bg2 Rac8 15. O-O Nb4 16. Rb3 a5 17. a3 Ba4 18. Re3 Nd5 19. Re4 Bc2 20. Rh4 Rhd8 21. Ra1 Bg6 22. Ne1 b5 23. Bf1 Nb6 24. e3 Rd5 25. b4 a4 {Bareev,E (2709)-Topalov,V (2757) Monte Carlo 2005 0-1 (49)}) 11... Rc8 12. Be2 Bxc3+ 13. bxc3 O-O 14. O-O Rfd8 15. Qe4 Be8 16. Qh4 Kg7 17. c4 Ne5 18. Qg3+ Ng6 19. h4 Qh5 20. Rfd1 Bc6 21. c5 Rxd1+ 22. Bxd1 Rd8 23. Be2 Qh6 24. Qg4 Kh8 25. h5 Ne7 26. g3 Rg8 27. Qf4 Qxf4 28. exf4 Rd8 29. Rd1 Rd5 30. Rxd5 Nxd5 31. Nd4 Nc3 32. Bc4 1/2-1/2

[Event "Amsterdam NH Hotels 1st"]
[Site "Amsterdam"]
[Date "2006.08.27"]
[Round "8"]
[White "Jussupow, Artur"]
[Black "Carlsen, Magnus"]
[Result "0-1"]
[WhiteElo "2617"]
[BlackElo "2675"]
[PlyCount "96"]
[EventDate "2006.08.19"]
[EventType "schev"]
[EventRounds "10"]
[EventCountry "NED"]
[SourceTitle "CBM 114"]
[Source "ChessBase"]
[SourceDate "2006.10.02"]
[SourceVersion "1"]
[SourceVersionDate "2006.10.02"]
[SourceQuality "1"]

1. d4 Nf6 2. c4 e6 3. Nc3 Bb4 4. e3 O-O 5. Bd3 d5 6. Nf3 c5 7. O-O dxc4 8. Bxc4 Nbd7 9. a3 Ba5 10. Bd2 cxd4 11. exd4 Bxc3 12. bxc3 b6 13. Qe2 Bb7 14. Bd3 Qc7 15. Rfe1 Rfe8 16. c4 Rad8 17. Bg5 $146 ({RR} 17. Rad1 Qd6 18. Bb4 Qc6 19. Qd2 Nf8 20. Qg5 Ng6 21. Bc3 Qa4 22. d5 exd5 23. Bxf6 gxf6 24. Qxf6 Rxe1+ 25. Rxe1 Re8 26. Rxe8+ Qxe8 27. Bxg6 hxg6 28. cxd5 Bxd5 29. Ne5 Qe6 30. Qg5 Be4 31. Ng4 Bf5 {Kovalenko,I (2429)-Miroshnichenko,E (2651) Kharkov 2007 ½-½ (45)}) ({RR} 17. Rad1 h6 18. h3 Qd6 19. Qe3 Bxf3 20. Qxf3 e5 21. Bb4 Qb8 22. d5 Nc5 23. Bb1 e4 24. Qe3 Qc7 25. Bc3 Qd6 26. Bc2 Nh5 27. Qd4 Qg6 28. Qe3 f5 29. f4 exf3 30. Qxf3 Ne4 31. Bd4 Nhg3 {Korobov,A (2605)-Almasi,Z (2663) Beijing 2008 1-0 (42)}) 17... Nf8 18. Bxf6 gxf6 19. Be4 Bxe4 20. Qxe4 Qxc4 21. Qg4+ Kh8 22. Qh4 Kg7 23. Qg4+ Ng6 24. h4 Kh8 25. h5 Ne7 26. Rac1 Qd5 27. Qh4 Qf5 28. Rc7 Rg8 29. Nh2 Nd5 30. Rxf7 a5 31. g3 b5 32. Qe4 Qxh5 33. Qxe6 b4 34. axb4 axb4 35. Re7 Qg6 36. Rd7 Nf4 37. Qd6 Nh3+ 38. Kg2 Rxd7 39. Qxd7 Nxf2 40. Nf1 Nd3 41. Re3 b3 42. Qd6 b2 43. Nd2 h6 44. Kg1 Qf5 45. Kh1 Nf2+ 46. Kg2 Ne4 47. Rxe4 b1=Q 48. Rf4 Qb7+ 0-1

[Event "Gashimov Memorial-A 1st"]
[Site "Shamkir"]
[Date "2014.04.22"]
[Round "3"]
[White "Karjakin, Sergey"]
[Black "Carlsen, Magnus"]
[Result "1/2-1/2"]
[WhiteElo "2772"]
[BlackElo "2881"]
[Annotator "Krasenkow,Michal"]
[PlyCount "125"]
[EventDate "2014.04.20"]
[EventType "tourn"]
[EventRounds "10"]
[EventCountry "AZE"]
[EventCategory "22"]
[SourceTitle "CBM 160"]
[Source "ChessBase"]
[SourceDate "2014.05.15"]
[SourceVersion "1"]
[SourceVersionDate "2014.05.15"]
[SourceQuality "1"]

1. d4 Nf6 2. c4 e6 3. Nc3 Bb4 4. f3 O-O 5. a3 Bxc3+ 6. bxc3 Nh5 7. Nh3 f5 {An aggressive continuation. Instead of trying to equalise, Black wants to obtain a double-edged position.} 8. e3 (8. Bg5 {is the main alternative - see Khairullin-Adams with annotations by GM A.Mikhalchishin in CBM 136.}) 8... d6 (8... Nc6 9. Bd3 d6 {is hardly good as White pushes c4-c5 at an appropriate moment:} 10. O-O (10. g3 $6 e5 11. Nf2 Qe8 12. O-O Na5 13. Qe2 b6 14. Rb1 Ba6 15. c5 Bxd3 16. Nxd3 Nf6 17. dxe5 dxe5 18. f4 exf4 19. Qa2+ Kh8 20. exf4 Rd8 $17 {1/2 (39) Abergel,T (2499)-Adams,M (2735) Liverpool 2008}) 10... Qe8 11. a4 e5 $6 (11... b6 $5) 12. c5 $1 dxc5 13. Ba3 b6 14. dxc5 Rf6 15. f4 e4 16. Be2 g6 17. c4 Ng7 18. Bb2 Rf7 19. cxb6 cxb6 20. c5 $16 {1-0 (30) Golizadeh,A (2472)-Bacallao Alonso,Y (2583) Istanbul 2012}) (8... c5 $5 9. Bd3 Nc6 10. O-O Nf6 11. d5 $6 Ne5 12. e4 fxe4 13. fxe4 d6 14. Ng5 h6 15. Nf3 Nxd3 16. Qxd3 Qe8 17. Ra2 exd5 18. exd5 Qe4 $15 {1/2 (33) Abdalla,L (2322)-Leitao,R (2620) Sao Paulo 2011}) 9. Be2 (9. f4 Nf6 10. Bd3 e5 11. O-O e4 12. Be2 Kh8 13. Nf2 Nc6 14. h3 b6 15. g4 Na5 $132 {0-1 (27) Swapnil,S (2336)-Komarov,D (2540) Calicut 2007}) (9. Nf2 {is too passive:} Nc6 $5 (9... e5 {(a bit too early)} 10. Bd3 $1 {- 9.Bd3} (10. f4 Nf6 11. fxe5 dxe5 12. c5 Nc6 13. Bc4+ Kh8 14. O-O b6 15. Bb5 Bb7 16. Rb1 Ne7 17. Be2 Ne4 $15 {1/2 (54) Volkov,S (2622)-Izoria,Z (2606) Saint Vincent 2005}) (10. Be2 Qe7 11. c5 Nc6 12. cxd6 cxd6 13. a4 {1/2 (13) Mensch,E (2336)-Nikolaidis,I (2525) Nancy 2006})) 10. a4 (10. Bd3 e5 11. O-O Qh4 12. Qe1 Bd7 13. g3 Qe7 14. Qd1 Rae8 15. Ra2 Nf6 16. f4 e4 17. Be2 Qf7 18. a4 Na5 $15 {1/2 (31) Cebalo,M (2505)-Komarov,D (2530) Bratto 2006}) 10... b6 11. Bd3 Na5 12. O-O Ba6 13. Qe2 Qh4 14. Bd2 Rae8 15. e4 e5 16. c5 Bxd3 17. Qxd3 fxe4 18. fxe4 dxc5 19. dxc5 Rd8 20. Qe2 Nb3 21. Qc4+ Kh8 22. Qxb3 Rxd2 {0-1 (57) Kozakov,M (2457)-Fedorchuk,S (2633) France 2009} 23. Ra2 $15) (9. Bd3 Qh4+ (9... e5 10. Nf2 (10. O-O Nc6 11. f4 Qe8 12. fxe5 dxe5 13. Ra2 e4 14. Be2 Nf6 15. a4 Kh8 16. a5 Rg8 17. Nf4 Ne7 18. Qb3 c6 19. Qb4 $14 {0-1 (40) Geller,E-Pogats,J Szczawno Zdroj 1950}) 10... Qe8 11. O-O Nf6 12. Qc2 Qh5 13. c5 Nc6 14. Bb5 Nd8 15. cxd6 cxd6 16. a4 $36 {1-0 (73) Koberl,F-Pogats,J Budapest 1951}) (9... c5 $5) 10. Nf2 Nc6 11. Qc2 (11. Ra2 e5 12. g3 Qe7 13. d5 Nd8 14. g4 e4 $132 {0-1 (42) Sagalchik,G-Dautov,R (2515) Minsk 1988}) 11... e5 12. g3 Qe7 13. O-O Bd7 14. Bd2 Kh8 15. Kg2 Rae8 16. Rae1 Qd8 $11 {0-1 (56) Wiersma,E (2419)-Swinkels,R (2459) Netherlands 2009}) 9... c5 $1 $146 {[%mdl 40] A good plan. Black fixes the c4-pawn, therefore eliminating the c4-c5 idea altogether.} (9... Nc6 {deserves more attention here than with d3:} 10. O-O Qe8 $5 (10... e5 11. c5 $5) 11. Nf2 b6 12. g4 $6 fxg4 13. fxg4 Nf6 14. Qc2 Bb7 15. g5 Nd7 16. e4 e5 $132 {1-0 (34) Posedaru,B (2318)-Soltanici,R (2373) Bucharest 2011}) 10. O-O Nc6 11. g4 $146 {Here, too, this advance is bad.} (11. f4 Nf6 12. Bf3 Na5 {[%csl Rc4]}) (11. d5 Na5 {[%cal Ye6e5]}) (11. e4 fxe4 12. fxe4 Rxf1+ 13. Bxf1 Nf6 14. Nf2 e5 $11) (11. Nf2 $5 {[%cal Ye3e4] was probably the most flexible keeping both ideas: e3-e4 and f3-f4.}) ({RR} 11. Rb1 Na5 12. Qc2 b6 13. Qa2 Qe8 14. Nf2 Ba6 15. a4 g5 16. g4 Nf6 17. h3 h6 18. e4 f4 19. Bd3 Nd7 20. Ba3 e5 21. d5 Rc8 22. Kg2 Nf6 23. Bc1 h5 24. Rh1 Rc7 25. Bd2 Rh7 {Andries,A (1482)-Liavonava,Y (1623) Mamaia 2022 0-1 (37)}) ({RR} 11. Rb1 Na5 12. Qc2 b6 13. Qa2 Qe8 14. Nf2 Ba6 15. a4 g5 16. g4 Nf6 17. h3 h6 18. e4 f4 19. Bd3 Nd7 20. Ba3 e5 21. d5 Rc8 22. Kg2 Nf6 23. Bc1 h5 24. Rh1 Rc7 25. Bd2 Rh7 {Andries,A (1482)-Liavonava,Y (1623) Mamaia 2022 0-1 (37)}) 11... fxg4 (11... Qh4 $1 {, recommended by GM E.Gleizerov, was very strong:} 12. Nf4 (12. gxh5 Qxh3 13. f4 b6 14. Bf3 Bb7 $17 {[%csl Rc1,Rc4,Rh5]} 15. dxc5 dxc5 16. Qd7 Rf7 $1 17. Qxe6 Nd8 18. Qe8+ Rf8 $19) (12. Kg2 fxg4 13. fxg4 Rxf1 14. Qxf1 Nf6 15. Qf2 Qh6 $17) 12... Nxf4 13. exf4 Na5 $17 {[%cal Yb7b6]} (13... cxd4 $143 14. cxd4 e5 15. Be3 $1 exd4 16. Bxd4 Nxd4 17. Qxd4 fxg4 18. fxg4 Bxg4 19. f5 h5 20. Rf4 {, and White should survive})) {However, after the simple text move Black keeps an advantage, too.} 12. fxg4 Nf6 13. Nf2 h6 14. e4 {This move weakens White's position but it is very difficult for him to find a good plan anyway.} e5 15. d5 Ne7 (15... Na5 $5 {pressurising the c4 pawn.}) 16. g5 hxg5 17. Bxg5 Qe8 18. Qd3 Qg6 19. Qg3 Bd7 20. Kh1 Rf7 (20... Nxe4 $2 21. Nxe4 Qxe4+ 22. Bf3 {[%cal Rg5e7]} Rxf3 $8) 21. Qh4 Raf8 22. Rae1 Qh7 23. Qxh7+ Nxh7 $17 {In this ending Black's knights are stronger than White's bishops.} 24. Be3 Ng6 25. Nd3 Rxf1+ 26. Rxf1 Rxf1+ (26... Nf6 $5 27. Nf2 Nf4 {is quite good but the minor piece ending is also difficult for White.}) 27. Bxf1 {[%mdl 4096]} Nf6 28. Nf2 Nf4 29. h4 (29. Bxf4 exf4 30. e5 dxe5 31. Nd3 Ng4 $1 32. h3 (32. Nxc5 Bf5) 32... e4 $1 33. Nxf4 (33. Nxc5 Nf6 {[%csl Ge4,Gf4]}) 33... Ne3 {[%cal Re3d1]} 34. Be2 g5 $17) 29... Ng6 (29... Ng4 30. Nxg4 Bxg4 {[%cal Rg4f3,Yg4d1] was very strong, probably enough for a win.}) 30. Bg5 Nh7 31. Bd8 Kf7 32. Kh2 Nf6 (32... Ke8 33. Bg5) 33. Kg3 Nf4 34. Kf3 Ba4 35. Nh3 Bd1+ 36. Ke3 Ng6 (36... Ng4+ 37. Kd2 Nh2 {is probably insufficient for a victory due to} 38. Nxf4 Nxf1+ 39. Kxd1 exf4 40. Ke2 Ne3 41. Bg5 Nxc4 42. Bxf4 b5 (42... g6 43. Kd3 b5 44. a4) 43. h5 {[%csl Rg7]}) 37. Ng5+ Ke8 38. Ne6 Nxh4 39. Bc7 Kd7 40. Bb8 {White has created some counterplay.} Bg4 (40... a6 $5 41. Nxg7 Bc2 $5 42. Bh3+ Ke7 43. Nf5+ (43. Bc8 b5 44. Bxa6 bxc4 45. Bxc4 Bxe4 46. Kf2 $1 Ng4+ 47. Kg3 Ne3 $17) 43... Nxf5+ 44. Bxf5 Bb3 {keeping winning chances}) 41. Nxg7 a6 42. Bd3 (42. a4 a5 43. Ne6 Ne8 {[%csl Ra4]}) 42... Ng2+ 43. Kd2 Ke7 (43... b5 $5 44. cxb5 axb5 45. Bc2 (45. Bxb5+ $2 Kc8 46. Bxd6 Nxe4+) (45. Ne6 $5 c4 46. Bc2) 45... c4 46. Ne6 Bxe6 47. dxe6+ Kxe6 48. Ba7 Nf4 $17) 44. a4 Kf7 45. Bxd6 (45. Nf5 Bxf5 46. exf5 Ke7 {is very unpleasant for White but the piece sacrifice is hardly sufficient either.}) 45... Kxg7 46. Bxe5 Nh4 $2 ({Black could have stopped White's pawns by means of} 46... Bf3 $1 {[%cal Rg7f7]} 47. d6 Bg4 $1 {(recommended by E.Gleizerov)} (47... Kf7 $2 48. Bxf6 Kxf6 49. e5+ Ke6 50. Bf5+ Kf7 51. Bg6+ $1 $11) {e.g.} 48. Bg3 Nh5 49. Bf2 Nhf4 50. Bxc5 Nxd3 51. Kxd3 Kf6 {, and he should win in a long term.}) 47. Bg3 Ng6 (47... Nf3+ 48. Ke3 Nd7 49. Be2 Nfe5 50. Bxe5+ Nxe5 51. Kf4 $1 Bxe2 52. Kxe5 Bxc4 53. a5 {(E.Gleizerov), and White is not worse.}) 48. e5 {White's connected passed pawns guarantee him a draw.} Nd7 (48... Nh5 49. Bh2 Nh4 50. Ke3 Nf3 51. Bf4) 49. e6 Nde5 50. Bxg6 Nxg6 51. Bd6 Kf6 52. Bxc5 Ke5 53. Ke3 Bd1 54. Bb6 Bxa4 55. Bc7+ Kf6 56. Kd4 Ke7 57. c5 Nh4 58. c4 Nf3+ 59. Kc3 Ng5 60. Kb4 Bd1 61. Bg3 Nxe6 62. dxe6 Bf3 63. Bh4+ 1/2-1/2